01093nam a22001097a 4500008004100000100002000041245010300061260003400164300003300198520071800231773003400949260428b ||||| |||| 00| 0 eng d a Hossain, Babul aAgeing with absent family financial support: Gendered health risks across the North South gradient aEconomic & Political Weekly  a61(9), Feb 28, 2026: p.79-84 aFamily-based financial support has traditionally been central to old-age care in India. Given the gendered and spatial experiences of ageing, it is important to identify groups of older adults who are more vulnerable to adverse health outcomes when such financial support is absent. Utilising the Longitudinal Ageing Study in India, this paper finds that widowed, poor, and SC/ST or OBC women represented the most common intersectional positionality among older adults who faced a particularly high risk of adverse health outcomes when faced with a lack of informal financial support. –Reproduced https://www.epw.in/journal/2026/9/ageing-health-and-social-security/ageing-absent-family-financial-support.html  aEconomic & Political Weekly